Normal view MARC view

Entry Topical Term

Number of records used in: 1

001 - CONTROL NUMBER

  • control field: 40252

003 - CONTROL NUMBER IDENTIFIER

  • control field: OSt

005 - DATE AND TIME OF LATEST TRANSACTION

  • control field: 20230905145243.0

008 - FIXED-LENGTH DATA ELEMENTS

  • fixed length control field: 230905|| aca||aabn | a|a d

040 ## - CATALOGING SOURCE

  • Original cataloging agency: OSt
  • Transcribing agency: OSt

150 ## - HEADING--TOPICAL TERM

  • Topical term or geographic name entry element: Liberalism
  • Geographic subdivision: Great Britain
  • General subdivision: History
  • Chronological subdivision: 20th century.

670 ## - SOURCE DATA FOUND

  • Source citation: Work cat.: (OSt)0: Elkins, Caroline, author. 40249, Legacy of violence :, 2022

Powered by Koha